00543nai a2200157Ia 4500003000900000008004100009022002200050022002300072040001600095245004900111260003400160310001200194362002600206521006900232856008400301IN-BaIIA211028c9999 xx s 000 0 eng d a0268-2605 (Print) a1099-0739 (Online) cIIA Library 0aApplied Organometallic Chemistryh[eJournal] aNew JerseybJohn Wiley & Sons aMonthly a10(1); 1996 - Present bSubscribed through National Knowledge Resource Consortium (NKRC) uhttps://onlinelibrary.wiley.com/journal/10990739yClick Here to Access eJournal